[Event "SLO-chT 24th"]
[Site "Slovenia"]
[Date "2014.11.30"]
[Round "6.1"]
[White "Skrinjar, Matic"]
[Black "Serdt, Simon"]
[Result "1/2-1/2"]
[WhiteElo "2060"]
[BlackElo "2221"]
[PlyCount "181"]
[EventDate "2014.11.14"]
[EventType "team-tourn"]
[EventRounds "9"]
[EventCountry "SLO"]
[SourceTitle "EXT 2016"]
[Source "ChessBase"]
[SourceDate "2015.10.08"]
[SourceVersion "1"]
[SourceVersionDate "2015.10.08"]
[SourceQuality "1"]
[WhiteTeam "Nova Gorica"]
[BlackTeam "Kovinar DEM"]
[WhiteTeamCountry "SLO"]
[BlackTeamCountry "SLO"]

1. e4 c5 2. c3 d5 3. exd5 Qxd5 4. d4 Nc6 5. Nf3 Bg4 6. Be2 cxd4 7. cxd4 e6 8. Nc3 Qa5 9. 0-0 Rd8 10. Bf4 Nf6 11. Qb3 Qb4 12. Be5 Qxb3 13. axb3 a6 14. h3 Bh5 15. Rfd1 Nd5 16. Nxd5 exd5 17. Rac1 f6 18. Bg3 Ra8 19. Kf1 Bb4 20. Ng1 Bxe2+ 21. Nxe2 Kf7 22. Nf4 Rhd8 23. Nd3 Bf8 24. Nc5 Bxc5 25. Rxc5 Rd7 26. Ke2 Re8+ 27. Kd3 Re4 28. Kc3 Re2 29. b4 Na7 30. Rd2 Nb5+ 31. Kd3 Rxd2+ 32. Kxd2 Nxd4 33. Kd3 Nb5 34. Bh2 h5 35. g4 hxg4 36. hxg4 g5 37. Bg3 Ke6 38. Rc8 Rh7 39. Re8+ Re7 40. Rc8 Na7 41. Rc5 Rh7 42. Kd2 Nb5 43. Rc8 Nd4 44. Re8+ Re7 45. Rd8 Rd7 46. Re8+ Kf7 47. Re3 Re7 48. Rd3 Nc6 49. b5 Ne5 50. bxa6 bxa6 51. Bxe5 Rxe5 52. Ra3 Re6 53. Kd3 Rb6 54. f3 Ke6 55. Kd4 Rb4+ 56. Kd3 Ke5 57. Rxa6 Rxb2 58. Rc6 Rb3+ 59. Ke2 Rb2+ 60. Kd3 Rb4 61. Ra6 Rb3+ 62. Ke2 f5 63. gxf5 Kxf5 64. Rd6 Ke5 65. Rg6 Rb2+ 66. Kd3 Kf5 67. Rd6 Rb3+ 68. Ke2 Kf4 69. Rxd5 Re3+ 70. Kf2 Rxf3+ 71. Kg2 Rg3+ 72. Kf2 Ra3 73. Rd4+ Kf5 74. Rd8 Kg4 75. Kg2 Ra2+ 76. Kg1 Re2 77. Rd3 Kh4 78. Ra3 Kg4 79. Rb3 Kf4 80. Ra3 Re3 81. Rxe3 Kxe3 82. Kg2 Kf4 83. Kf2 g4 84. Kg2 g3 85. Kg1 Kg5 86. Kg2 Kh4 87. Kg1 Kh3 88. Kh1 Kg4 89. Kg2 Kf4 90. Kg1 Kf3 91. Kf1 1/2-1/2

[Event "SLO-chT1 East"]
[Site "Sentjur"]
[Date "2013.10.18"]
[Round "2"]
[White "Serdt, Simon"]
[Black "Gorsek, Gregor"]
[Result "1/2-1/2"]
[WhiteElo "2235"]
[BlackElo "2122"]
[PlyCount "44"]
[EventDate "2013.10.17"]
[EventType "team-tourn"]
[EventRounds "9"]
[EventCountry "SLO"]
[SourceTitle "EXT 2015"]
[Source "ChessBase"]
[SourceDate "2014.11.20"]
[SourceVersion "1"]
[SourceVersionDate "2014.11.20"]
[SourceQuality "1"]

1. d4 g6 2. e4 Bg7 3. f4 d6 4. Nf3 Bg4 5. Be2 Nc6 6. d5 Bxf3 7. Bxf3 Nd4 8. 0-0 c6 9. c3 Nxf3+ 10. Qxf3 cxd5 11. exd5 Nf6 12. Be3 0-0 13. Bd4 Qd7 14. Nd2 e6 15. Bxf6 Bxf6 16. Ne4 Bg7 17. Rad1 f5 18. Ng5 e5 19. Ne6 Rf7 20. Qe2 exf4 21. Rxf4 Bf6 22. Rc4 Rc8 1/2-1/2

[Event "SLO-chT1 Ost"]
[Site "Sentjur"]
[Date "2010.11.09"]
[Round "4"]
[White "Plesec, Damjan"]
[Black "Serdt, Simon"]
[Result "1/2-1/2"]
[WhiteElo "2308"]
[BlackElo "2270"]
[PlyCount "37"]
[EventDate "2010.11.04"]
[EventType "team-tourn"]
[EventRounds "9"]
[EventCountry "SLO"]
[SourceTitle "EXT 2022"]
[Source "ChessBase"]
[SourceDate "2021.10.06"]
[SourceVersion "1"]
[SourceVersionDate "2021.10.06"]
[SourceQuality "1"]
[WhiteTeam "Lendava Rokada"]
[BlackTeam "Maribor Kovinar Nova"]
[WhiteTeamCountry "SLO"]
[BlackTeamCountry "SLO"]

1. Nf3 c5 2. e3 Nf6 3. d4 e6 4. c3 b6 5. Nbd2 Be7 6. Bd3 d5 7. Ne5 Bd6 8. f4 Ne4 9. Bb5+ Ke7 10. Qh5 g6 11. Qh4+ f6 12. Nxe4 dxe4 13. Nc4 Bc7 14. Nd2 Kf7 15. b3 f5 16. Qxd8 Rxd8 17. Ba3 cxd4 18. cxd4 Nd7 19. Rc1 1/2-1/2

[Event "SLO-chT1 Ost"]
[Site "Sentjur"]
[Date "2010.11.06"]
[Round "3"]
[White "Serdt, Simon"]
[Black "Sorcnik, Franc"]
[Result "1/2-1/2"]
[WhiteElo "2270"]
[BlackElo "2136"]
[PlyCount "25"]
[EventDate "2010.11.04"]
[EventType "team-tourn"]
[EventRounds "9"]
[EventCountry "SLO"]
[SourceTitle "EXT 2022"]
[Source "ChessBase"]
[SourceDate "2021.10.06"]
[SourceVersion "1"]
[SourceVersionDate "2021.10.06"]
[SourceQuality "1"]
[WhiteTeam "Maribor Kovinar Nova"]
[BlackTeam "Slovenska Bistrica Impol"]
[WhiteTeamCountry "SLO"]
[BlackTeamCountry "SLO"]

1. d4 e6 2. c4 d5 3. Nf3 Nf6 4. g3 Ne4 5. Bg2 f5 6. 0-0 g6 7. Nbd2 Bg7 8. Nxe4 dxe4 9. Bg5 exf3 10. Bxd8 fxg2 11. Kxg2 Kxd8 12. e4 fxe4 13. Re1 1/2-1/2

[Event "SLO-chT1 Ost"]
[Site "Sentjur"]
[Date "2010.11.04"]
[Round "1"]
[White "Vombek, Danijel"]
[Black "Serdt, Simon"]
[Result "1-0"]
[WhiteElo "2337"]
[BlackElo "2270"]
[PlyCount "65"]
[EventDate "2010.11.04"]
[EventType "team-tourn"]
[EventRounds "9"]
[EventCountry "SLO"]
[SourceTitle "EXT 2022"]
[Source "ChessBase"]
[SourceDate "2021.10.06"]
[SourceVersion "1"]
[SourceVersionDate "2021.10.06"]
[SourceQuality "1"]
[WhiteTeam "Celjski"]
[BlackTeam "Maribor Kovinar Nova"]
[WhiteTeamCountry "SLO"]
[BlackTeamCountry "SLO"]

1. e4 c5 2. Nc3 Nc6 3. f4 e6 4. Nf3 d5 5. Bb5 d4 6. Bxc6+ bxc6 7. Nb1 f5 8. exf5 exf5 9. 0-0 Bd6 10. d3 Ne7 11. Na3 0-0 12. Nc4 Ng6 13. g3 Be6 14. Ng5 Bxc4 15. dxc4 Qf6 16. Qf3 h6 17. Nh3 Bc7 18. Bd2 Rfe8 19. Rae1 Nf8 20. Nf2 Nd7 21. Nd3 a5 22. a4 g6 23. Re2 Rxe2 24. Qxe2 h5 25. Re1 Kf7 26. Nf2 Nf8 27. Nh3 Nh7 28. Ng5+ Nxg5 29. fxg5 d3 30. cxd3 Qd6 31. Kg2 Qd7 32. Bc3 Bb6 33. Qe5 1-0

[Event "SLO-chT1 West"]
[Site "Sentjur"]
[Date "2009.10.25"]
[Round "4"]
[White "Serdt, Simon"]
[Black "Coklin, Marko"]
[Result "1/2-1/2"]
[WhiteElo "2297"]
[BlackElo "2241"]
[PlyCount "102"]
[EventDate "2009.10.22"]
[EventType "team-tourn"]
[EventRounds "9"]
[EventCountry "SLO"]
[SourceTitle "EXT 2010"]
[Source "ChessBase"]
[SourceDate "2010.11.25"]
[SourceVersion "1"]
[SourceVersionDate "2010.11.25"]
[SourceQuality "1"]

1. d4 c5 2. d5 e6 3. c4 exd5 4. cxd5 d6 5. Nc3 Nf6 6. e4 g6 7. Nf3 Bg7 8. Nd2 Nbd7 9. Be2 0-0 10. 0-0 Re8 11. h3 a6 12. a4 Qc7 13. Qc2 Rb8 14. a5 g5 15. Nc4 h6 16. f4 Nh7 17. Bd3 b5 18. axb6 Nxb6 19. e5 Nxc4 20. Bxh7+ Kh8 21. Ne4 gxf4 22. Qxc4 Kxh7 23. Nxd6 Rxe5 24. Nxc8 Qxc8 25. Rxa6 Rb4 26. Qc2+ Kg8 27. Rc6 Qf5 28. Rxc5 Qxc2 29. Rxc2 Rxd5 30. Bxf4 Rxb2 31. Rxb2 Bxb2 32. Bxh6 Kh7 33. Bf4 Kg6 34. g3 Be5 35. Kg2 Bxf4 36. Rxf4 f5 37. Rc4 Kg5 38. h4+ Kf6 39. Rc6+ Ke5 40. h5 Rd2+ 41. Kh3 Rd1 42. h6 Rh1+ 43. Kg2 Rh5 44. Rb6 Ke4 45. Rg6 Ke5 46. Kf3 Rh1 47. Rb6 Rh2 48. Rb8 Rh1 49. Kg2 Rh5 50. g4 Rh4 51. Rb5+ Kf4 1/2-1/2

[Event "SLO-chT1 East"]
[Site "Celje"]
[Date "2008.12.13"]
[Round "4"]
[White "Serdt, Simon"]
[Black "Coklin, Marko"]
[Result "1/2-1/2"]
[WhiteElo "2289"]
[BlackElo "2205"]
[PlyCount "61"]
[EventDate "2008.11.20"]
[EventType "team-tourn"]
[EventRounds "9"]
[EventCountry "SLO"]
[SourceTitle "EXT 2010"]
[Source "ChessBase"]
[SourceDate "2010.11.25"]
[SourceVersion "1"]
[SourceVersionDate "2010.11.25"]
[SourceQuality "1"]

1. d4 c5 2. d5 e6 3. c4 exd5 4. cxd5 d6 5. Nc3 Nf6 6. e4 g6 7. Nf3 Bg7 8. Be2 0-0 9. Nd2 b6 10. 0-0 Ba6 11. a4 Bxe2 12. Qxe2 Re8 13. Nc4 Nxe4 14. Nxe4 f5 15. Ncxd6 Re5 16. Bf4 Qxd6 17. Bxe5 Qxe5 18. Nc3 Qxe2 19. Nxe2 Bxb2 20. Ra2 Be5 21. f4 Bf6 22. g4 fxg4 23. f5 gxf5 24. Rxf5 Nd7 25. Nf4 Re8 26. Ne6 Kf7 27. Rh5 Kg6 28. Nf4+ Kg7 29. Ne6+ Kg6 30. Nf4+ Kg7 31. Ne6+ 1/2-1/2

[Event "SLO-chT1 East"]
[Site "Celje"]
[Date "2008.11.21"]
[Round "1"]
[White "Serdt, Simon"]
[Black "Sorcnik, Franc"]
[Result "1-0"]
[WhiteElo "2289"]
[BlackElo "2213"]
[PlyCount "118"]
[EventDate "2008.11.20"]
[EventType "team-tourn"]
[EventRounds "9"]
[EventCountry "SLO"]
[SourceTitle "EXT 2010"]
[Source "ChessBase"]
[SourceDate "2010.11.25"]
[SourceVersion "1"]
[SourceVersionDate "2010.11.25"]
[SourceQuality "1"]

1. d4 d5 2. Nf3 Nf6 3. c4 c6 4. Nc3 e6 5. e3 Be7 6. Qc2 Nbd7 7. a3 0-0 8. Bd3 Bd6 9. 0-0 Re8 10. e4 dxc4 11. Bxc4 Be7 12. Rd1 Qc7 13. g3 Nh5 14. Be3 Nf8 15. Rac1 g6 16. Ne5 Bf6 17. Ng4 Bg7 18. e5 f5 19. exf6 Nxf6 20. Nxf6+ Bxf6 21. d5 Bxc3 22. Qxc3 cxd5 23. Rxd5 Qf7 24. Rd4 Qg7 25. Qd2 Qe5 26. Bf4 Qg7 27. Bb3 b6 28. Rc7 Qf6 29. Qe3 Re7 30. Bg5 Qxd4 31. Qxd4 Rxc7 32. Qd6 Rf7 33. Qd4 Bb7 34. Bd2 h5 35. Bc3 Rh7 36. Ba4 Bd5 37. Qf6 Rc8 38. Bc2 Rhc7 39. Qh8+ Kf7 40. Qg7+ Ke8 41. Bxg6+ Nxg6 42. Qxg6+ Kd7 43. Qxh5 Kc6 44. Qg6 Rd7 45. f4 Bc4 46. h4 Rcd8 47. Kf2 b5 48. h5 Rd1 49. h6 Rf1+ 50. Kg2 Rdd1 51. h7 Rh1 52. h8Q Bd5+ 53. Kf2 Rhf1+ 54. Ke3 Rf3+ 55. Ke2 Rff1 56. Qge8+ Kb6 57. Qd8+ Ka6 58. Qa5+ Kb7 59. Qg7+ Ka8 1-0

[Event "SLO-chT1 East"]
[Site "Celje"]
[Date "2007.11.16"]
[Round "6"]
[White "Serdt, Simon"]
[Black "Zelcic, Robert"]
[Result "0-1"]
[WhiteElo "2302"]
[BlackElo "2578"]
[PlyCount "64"]
[EventDate "2007.11.11"]
[EventType "team-tourn"]
[EventRounds "9"]
[EventCountry "SLO"]
[SourceTitle "EXT 2010"]
[Source "ChessBase"]
[SourceDate "2010.11.25"]
[SourceVersion "1"]
[SourceVersionDate "2010.11.25"]
[SourceQuality "1"]

1. d4 Nf6 2. c4 e6 3. Nc3 Bb4 4. Qc2 0-0 5. a3 Bxc3+ 6. Qxc3 Ne4 7. Qc2 f5 8. g3 b6 9. Bg2 Bb7 10. f3 Nf6 11. Nh3 c5 12. dxc5 bxc5 13. Be3 Qe7 14. Nf4 e5 15. Nd5 Nxd5 16. cxd5 d6 17. Rd1 Nd7 18. Bf2 Nb6 19. e4 fxe4 20. fxe4 Ba6 21. Bf1 Bxf1 22. Rxf1 Qd7 23. Be3 a5 24. Rxf8+ Rxf8 25. b3 Qg4 26. Rd2 Qf3 27. Re2 a4 28. bxa4 Qf1+ 29. Kd2 Rb8 30. Rf2 Nc4+ 31. Kc3 Qe1+ 32. Kxc4 Qxe3 0-1

[Event "SLO-chT1 East"]
[Site "Celje"]
[Date "2007.11.11"]
[Round "5"]
[White "Serdt, Simon"]
[Black "Buzeti, Jernej"]
[Result "1/2-1/2"]
[WhiteElo "2302"]
[BlackElo "2128"]
[PlyCount "92"]
[EventDate "2007.11.11"]
[EventType "team-tourn"]
[EventRounds "9"]
[EventCountry "SLO"]
[SourceTitle "EXT 2010"]
[Source "ChessBase"]
[SourceDate "2010.11.25"]
[SourceVersion "1"]
[SourceVersionDate "2010.11.25"]
[SourceQuality "1"]

1. d4 d5 2. c4 c6 3. Nf3 Nf6 4. e3 e6 5. Nbd2 Nbd7 6. Bd3 Be7 7. 0-0 0-0 8. Qe2 Re8 9. Rd1 b6 10. e4 dxe4 11. Nxe4 Bb7 12. Ne5 Nxe4 13. Bxe4 Nxe5 14. dxe5 Qc7 15. Rd3 Rad8 16. Rh3 g6 17. Bc2 c5 18. Bd2 Rd7 19. Bc3 Red8 20. Re1 Bf8 21. Qg4 Bg7 22. Qh4 h6 23. Rhe3 a6 24. a4 Bc6 25. Qg4 b5 26. axb5 axb5 27. cxb5 Bxb5 28. h4 h5 29. Qg5 Bd3 30. Bxd3 Rxd3 31. Rxd3 Rxd3 32. g4 hxg4 33. Qxg4 Qc6 34. h5 gxh5 35. Qxh5 Qf3 36. Qxf3 Rxf3 37. Kg2 Rd3 38. Ra1 Bh6 39. Ra8+ Kh7 40. Rc8 Rd5 41. Kf3 Kg6 42. Ke4 Bd2 43. Rc6 f5+ 44. exf6 Bxc3 45. bxc3 Kxf6 46. f4 Ke7 1/2-1/2

[Event "SLO-chT1 East"]
[Site "Celje"]
[Date "2006.11.12"]
[Round "7"]
[White "Serdt, Simon"]
[Black "Mihevc, Ivo"]
[Result "1/2-1/2"]
[WhiteElo "2279"]
[BlackElo "2204"]
[PlyCount "52"]
[EventDate "2006.11.04"]
[EventType "team"]
[EventRounds "9"]
[EventCountry "SLO"]
[SourceTitle "EXT 2008"]
[Source "ChessBase"]
[SourceDate "2007.11.25"]
[SourceVersion "1"]
[SourceVersionDate "2007.11.25"]
[SourceQuality "1"]

1. d4 Nf6 2. c4 d6 3. Nc3 g6 4. e4 Bg7 5. f3 a6 6. Nge2 0-0 7. Be3 Nc6 8. Qd2 Rb8 9. g4 b5 10. Ng3 bxc4 11. Bxc4 e5 12. d5 Nd4 13. 0-0 Rb4 14. b3 a5 15. Rac1 Ne8 16. Nce2 c5 17. dxc6 Nxc6 18. Kg2 Bd7 19. h4 Ne7 20. h5 Be6 21. hxg6 hxg6 22. Bxe6 fxe6 23. Ng1 Qb8 24. Nh3 a4 25. Ng5 Rf6 26. Nh7 Rf7 1/2-1/2

[Event "SLO-chT1 East"]
[Site "Celje"]
[Date "2006.11.12"]
[Round "6"]
[White "Vombek, Danijel"]
[Black "Serdt, Simon"]
[Result "0-1"]
[WhiteElo "2325"]
[BlackElo "2279"]
[PlyCount "150"]
[EventDate "2006.11.04"]
[EventType "team"]
[EventRounds "9"]
[EventCountry "SLO"]
[SourceTitle "EXT 2008"]
[Source "ChessBase"]
[SourceDate "2007.11.25"]
[SourceVersion "1"]
[SourceVersionDate "2007.11.25"]
[SourceQuality "1"]

1. e4 c5 2. Nf3 g6 3. d4 Bg7 4. Nc3 cxd4 5. Nxd4 Nc6 6. Nde2 Nf6 7. g3 h5 8. h3 d6 9. Bg2 Bd7 10. b3 Rc8 11. Bb2 Qa5 12. Qd2 Nh7 13. 0-0-0 b5 14. Nd5 Bxb2+ 15. Kxb2 Qxd2 16. Rxd2 h4 17. g4 g5 18. Ne3 Nf8 19. f4 gxf4 20. Nxf4 Ne5 21. Nf5 Nfg6 22. Nd5 Kf8 23. Nfe3 f6 24. Rf1 Nf7 25. Rdf2 Nge5 26. Nf4 Ng5 27. Nd3 Bc6 28. Nxe5 dxe5 29. Nd5 Ne6 30. g5 Nxg5 31. Rf5 Ke8 32. R5f2 Bd7 33. Rh1 Rg8 34. Rd2 Be6 35. Ne3 Kf7 36. Nf5 Rgd8 37. Rhd1 Rxd2 38. Rxd2 b4 39. a3 a5 40. axb4 axb4 41. Rd3 Bxf5 42. exf5 e4 43. Rd4 e5 44. Rxb4 e3 45. Bf1 Nf3 46. Ba6 Nd4 47. Rb7+ Kf8 48. c3 e2 49. Bxe2 Nxe2 50. c4 Nd4 51. Kc3 Nxf5 52. Rh7 Rd8 53. Rh5 Nd4 54. Rxh4 Ke7 55. b4 Ra8 56. c5 Ke6 57. Rh7 Ra1 58. h4 Rc1+ 59. Kd3 Nc6 60. Rb7 f5 61. h5 Rh1 62. b5 Rh3+ 63. Kd2 Na5 64. Rc7 Rxh5 65. b6 Kd5 66. b7 Nxb7 67. Rxb7 Kxc5 68. Rd7 Rh3 69. Ke2 f4 70. Rd8 e4 71. Kf2 Rh2+ 72. Kg1 Ra2 73. Rd1 f3 74. Kf1 e3 75. Rb1 Rg2 0-1

[Event "SLO-chT East"]
[Site "Slovenia"]
[Date "2005.10.21"]
[Round "2.1"]
[White "Serdt, Simon"]
[Black "Stajner, Samo"]
[Result "1-0"]
[WhiteElo "2222"]
[BlackElo "2144"]
[PlyCount "120"]
[EventDate "2005.10.19"]
[EventType "team"]
[EventRounds "9"]
[EventCountry "SLO"]
[SourceTitle "EXT 2009"]
[Source "ChessBase"]
[SourceDate "2008.11.26"]
[SourceVersion "1"]
[SourceVersionDate "2008.11.26"]
[SourceQuality "1"]

1. d4 f5 2. g3 Nf6 3. Bg2 e6 4. Nh3 d5 5. 0-0 Bd6 6. c4 c6 7. Qb3 0-0 8. Nc3 Kh8 9. Bf4 Ne4 10. Nxe4 dxe4 11. Rad1 Na6 12. f3 Bxf4 13. gxf4 exf3 14. Rxf3 Rb8 15. Nf2 b5 16. c5 Nc7 17. Rh3 Nd5 18. Nd3 Qf6 19. Kh1 Bd7 20. Ne5 Be8 21. Qg3 Rb7 22. Rg1 Rg8 23. Bxd5 exd5 24. e3 g6 25. Rh6 Rgg7 26. Qe1 Rg8 27. Rg5 Rgg7 28. Qh4 Qe7 29. Qh3 Kg8 30. Qg3 Qe6 31. h4 Kf8 32. h5 Qg8 33. hxg6 hxg6 34. Kg2 Rbc7 35. Kf2 a6 36. Nxg6+ Bxg6 37. Rhxg6 Rxg6 38. Rxg6 Rg7 39. Rxg7 Qxg7 40. Qg5 Qd7 41. Qf6+ Kg8 42. Qg6+ Kh8 43. Kf3 a5 44. Kg3 Qg7 45. Qg5 Kh7 46. Kf3 Qg6 47. Qe7+ Kh6 48. Kf2 Qh5 49. Qf6+ Kh7 50. Qe7+ Kh6 51. Qd6+ Qg6 52. Qd8 Qh5 53. Qh8+ Kg6 54. Qe8+ Kh6 55. Qxc6+ Kh7 56. Qd7+ Kh8 57. Qd8+ Kh7 58. Qxd5 Qg4 59. Kf1 Qh3+ 60. Qg2 Qh6 1-0